[Event "KAZ-ch U18"]
[Site "Ak Bulak"]
[Date "2022.03.24"]
[Round "6"]
[White "Nogerbek, Kazybek"]
[Black "Aripov, Abdusamat"]
[Result "1-0"]
[WhiteElo "2424"]
[BlackElo "2119"]
[PlyCount "117"]
[EventDate "2022.03.20"]
[EventType "swiss"]
[EventRounds "9"]
[EventCountry "KAZ"]
[SourceTitle "EXT 2023"]
[Source "ChessBase"]
[SourceDate "2022.10.05"]
[SourceVersion "1"]
[SourceVersionDate "2022.10.05"]
[SourceQuality "1"]

1. e4 c5 2. Nc3 d6 3. Nge2 Nf6 4. g3 Nc6 5. Bg2 g6 6. 0-0 Bg7 7. d3 0-0 8. h3 Rb8 9. a4 a6 10. Be3 Qc7 11. Qd2 b5 12. axb5 axb5 13. Bh6 b4 14. Nd1 Nd4 15. Bxg7 Kxg7 16. f4 Bb7 17. Ne3 Nxe2+ 18. Qxe2 Nd7 19. Qg4 Ra8 20. Qg5 Rxa1 21. Rxa1 f6 22. Qg4 Ra8 23. Re1 Nf8 24. Qd1 e5 25. f5 g5 26. h4 h6 27. Kf2 Ra2 28. b3 Qf7 29. Qb1 Ra6 30. Bf3 Nd7 31. Rh1 d5 32. exd5 Nb6 33. hxg5 hxg5 34. Qd1 Nxd5 35. Bxd5 Bxd5 36. Nxd5 Qxd5 37. Qh5 Kf8 38. Qh6+ Ke7 39. Qg7+ Qf7 40. Qh8 Qf8 41. Rh7+ Ke8 42. Qxf8+ Kxf8 43. Rc7 Ra5 44. Ke3 Ke8 45. g4 Kd8 46. Rc6 Ke7 47. Ke2 Rb5 48. Re6+ Kf7 49. Ra6 Rb7 50. Rc6 Rb5 51. Ke3 Ra5 52. Ke4 Ke7 53. Kd5 Ra1 54. Rxc5 Rg1 55. Rc7+ Kd8 56. Rc4 Rg2 57. Ke6 e4 58. Rxe4 Rxc2 59. Kxf6 1-0

[Event "Karakol Derbishev Memorial U17"]
[Site "Karakol"]
[Date "2017.08.??"]
[Round "2.3"]
[White "Aripov, Abdusamat"]
[Black "Konysbai, Shapagat"]
[Result "0-1"]
[WhiteElo "1733"]
[BlackElo "1544"]
[PlyCount "44"]
[EventDate "2017.08.17"]
[EventType "swiss"]
[EventRounds "9"]
[EventCountry "KGZ"]
[SourceTitle "EXT 2022"]
[Source "ChessBase"]
[SourceDate "2021.10.06"]
[SourceVersion "1"]
[SourceVersionDate "2021.10.06"]
[SourceQuality "1"]

1. e4 c5 2. Nf3 e6 3. d4 cxd4 4. Nxd4 Nf6 5. Bd3 Nc6 6. Nxc6 bxc6 7. c4 d5 8. cxd5 cxd5 9. e5 Nd7 10. Qa4 Bc5 11. 0-0 0-0 12. Qc2 Qh4 13. Qe2 Bd4 14. g3 Qh3 15. Bf4 g5 16. Be3 Bxe5 17. Bxg5 h6 18. Bh4 Bd4 19. Qh5 Ne5 20. Be2 Ba6 21. Nc3 Bxe2 22. Qxe2 Ng4 0-1